| 000 | 00832nam a2200265 a 4500 | ||
|---|---|---|---|
| 001 | 56836 | ||
| 003 | BD-RJUL | ||
| 005 | 20211209080434.0 | ||
| 008 | 161204s2000 enka b 001 0 eng | ||
| 020 | _a0761906878 | ||
| 020 | _a0761906886 | ||
| 035 | _a(BD-RJUL)56960 | ||
| 040 |
_aDLC _cDLC _beng _dBD-RJUL |
||
| 041 | _aeng | ||
| 082 | 0 | 0 |
_a362.29 _223 _bHAR 2000 |
| 100 |
_aInciardi, James A _9168995 |
||
| 245 | 0 | 0 |
_aHarm reduction : _bnational and international perspectives / _cJames A. Inciardi and Lana D. Harrison. |
| 260 |
_aLondon : _bSage Publications, Inc., _cc2000. |
||
| 300 |
_axix, 224 p. : _bill. ; _c23 cm. |
||
| 504 | _aIncludes bibliographical references and index. | ||
| 650 | 0 |
_aDrug abuse _xPrevention. _9168996 |
|
| 700 | 1 |
_aHarrison, Lana D. _9168997 |
|
| 942 |
_2ddc _cBK |
||
| 999 |
_c56836 _d56836 |
||